The Five Sports Played in Every Modern Olympics - Statistics

General Stats
  • This quiz has been taken 347 times
  • The average score is 3 of 5
Answer Stats
Sport % Correct
Swimming
91%
Athletics
60%
Gymnastics
45%
Cycling
29%
Fencing
25%
No matching quizzes found
Score Distribution
Percent of People with Each Score
Percentile by Number Answered
Your Score History
You have not taken this quiz